| 000 | 00745nam a2200229 i 4500 | ||
|---|---|---|---|
| 003 | DO-SdBNP | ||
| 005 | 20230927150816.0 | ||
| 006 | a||||gr|||| 00| 0 | ||
| 007 | ta | ||
| 008 | 230927e1967 dr ||||| |||| 00| 0 spa d | ||
| 040 |
_aDO-SdBNP _bspa _cBNPHU _erda |
||
| 082 | 4 |
_222 _bC764s |
|
| 245 | 1 | 0 |
_aSíntesis histórica de la policía nacional. / _cArístides Contreras Carreras |
| 264 |
_aSanto Domingo : _b[sin editora], _c1967 |
||
| 300 |
_a39 páginas ; _c17 cm. |
||
| 336 |
_2rdacontent _atexto _btxt |
||
| 337 |
_2rdamedia _asin mediación _bn |
||
| 338 |
_2rdacarrier _avolumen _bnc |
||
| 500 | _aEdición dedicada al Año del Desarrollo y Pro-Bibliotecas de la Policía Nacional. | ||
| 590 | _aInventario 2023 / MF | ||
| 942 |
_2ddc _cLF2 |
||
| 999 |
_c54982 _d54982 |
||